00627nam a22001937a 45000050016000000100013000160200010000290350013000390370010000520820006000621000026000682450044000942600036001382700069001743000021002439420020002649990017002849520132003012011100500170.0 aG-001745 c75.001daG-001745 bGift  aS aTolstory, Leo 935246E aPopular short stories /cby Leo Tolstoy aJaipur bShyam Prakashan c2009 aGeetanjali Apartment, 1926, Nataniyon ka Rasta, bJaipure302003 a80p. c22cm(pbk) 2ddccCHhSmTOL c57307d57307 001040708FICaJPbJPd2011-10-05egiftg75.00l3oS TOLpG-001745r2013-10-28 00:00:00s2013-10-10t1v75.00w2011-10-05yCH